La ética: fundamentos y problemáticas contemporáneas

Salvato in:
Dettagli Bibliografici
Autore principale: Blackburn, Pierre (Autore)
Natura: Libro
Lingua:spagnolo
Pubblicazione: Ciudad de México Fondo de Cultura Económica 2006
Edizione:1a. ed
Serie:Educación y Pedagogía
Soggetti:
Tags: Aggiungi Tag
Nessun Tag, puoi essere il primo ad aggiungerne!!

MARC

LEADER 00000nam a2200000 a 4500
001 UCJ9641
003 CL-VaPUC
008 070330e20060000MX |||||||||||||||||spa|d
020 |a 9681675231 
082 0 4 |a 170  |b BLA  |2 21 
100 0 |a Blackburn, Pierre  |e author  |9 519624 
245 1 3 |a La ética: fundamentos y problemáticas contemporáneas 
250 |a 1a. ed 
300 |a 447 p 
942 |c BK 
945 |d 20070330 00:00:00  |a cmena 
260 |a Ciudad de México  |b Fondo de Cultura Económica  |c 2006 
500 |a Incluye el capítulo: La moral pública en México: escenarios para la educación, por Bonifacio Barba 
650 0 |a Ética  |9 255099 
650 0 |a Comportamiento moral  |9 334569 
650 0 |a Educación moral  |9 308319 
650 0 |a Etica social   |9 267623 
650 0 |a Problemas sociales  |9 258537 
583 |a last modification  |c 20070330 00:00:00  |k Rodrigo Vera 
490 0 |a Educación y Pedagogía 
999 |c 325061  |d 325059 
952 |0 0  |1 0  |4 0  |6 170_000000000000000_BLA_2006  |7 0  |8 A  |9 405613  |a BIBEDU  |b BIBEDU  |d 2019-11-22  |i 4327586  |l 1  |o 170 BLA 2006  |p 4327586  |r 2024-04-29  |s 2024-04-05  |w 2019-11-22  |y BK  |k FIL 
952 |0 0  |1 0  |4 0  |6 170_000000000000000_BLA_2006  |7 0  |8 A  |9 405614  |a BIBEDU  |b BIBEDU  |d 2019-11-22  |i 4339754  |o 170 BLA 2006  |p 4339754  |r 2019-11-22  |w 2019-11-22  |y BK  |k PSI